[Event "Corrientes op"]
[Site "Corrientes"]
[Date "2018.04.28"]
[Round "1"]
[White "Rodriguez, Emiliano"]
[Black "Robledo, Cristian"]
[Result "0-1"]
[WhiteElo "1245"]
[BlackElo "2329"]
[PlyCount "54"]
[EventDate "2018.04.28"]
[EventType "swiss"]
[EventRounds "6"]
[EventCountry "ARG"]
[SourceTitle "EXT 2019"]
[Source "ChessBase"]
[SourceDate "2018.10.10"]
[SourceVersion "1"]
[SourceVersionDate "2018.10.10"]
[SourceQuality "1"]

1. e4 c5 2. Nc3 a6 3. a4 e6 4. Nge2 b6 5. g3 Bb7 6. Bg2 Nf6 7. 0-0 d5 8. e5 Nfd7 9. f4 Nc6 10. g4 g6 11. h3 Bg7 12. b3 h5 13. g5 Ne7 14. d4 Qc7 15. Bb2 Rc8 16. Qd2 Nf5 17. Bh1 Bf8 18. Nd1 cxd4 19. Nxd4 Nxd4 20. Bxd4 Qxc2 21. Qxc2 Rxc2 22. Ne3 Rd2 23. Rfd1 Rxd1+ 24. Rxd1 Bc5 25. Nc2 Ke7 26. b4 Bxd4+ 27. Nxd4 Rc8 0-1